Criminality vs. Development and International Trade, Case of Latin America

Latinská Amerika ako rozvojový región čelí rôznym rozvojovým problémom, avšak jeden z nich je najkonvexnejší – vysoká kriminalita. Vysoká nerovnosť regiónu len prehlbuje negatívny efekt kriminality. Viacerí autori sa zaoberajú psychologickými, sociologickými, historickými, právnymi, politickými dopa...

Descrizione completa

Salvato in:
Dettagli Bibliografici
Autore principale: Zubaľová, Ľubica, 1969-
Altri autori: Drieniková, Kristína, 1982-, Smolková, Sára, 1998-
Natura: Capitolo di libro
Lingua:inglese
Soggetti:
Tags: Aggiungi Tag
Nessun Tag, puoi essere il primo ad aggiungerne!!

MARC

LEADER 00000naa$a2200000$$$4500
001 0296602
005 20251105104622.0
041 0 |a eng 
044 |a CZ 
245 1 0 |a Criminality vs. Development and International Trade, Case of Latin America  |c Ľubica Zubaľová, Kristína Drieniková, Sára Smolková 
520 |a Latinská Amerika ako rozvojový región čelí rôznym rozvojovým problémom, avšak jeden z nich je najkonvexnejší – vysoká kriminalita. Vysoká nerovnosť regiónu len prehlbuje negatívny efekt kriminality. Viacerí autori sa zaoberajú psychologickými, sociologickými, historickými, právnymi, politickými dopadmi kriminality, menšia pozornosť sa venuje vplyvu kriminality na rozvoj a zapojenie medzinárodného obchodu. 
610 2 0 |a obchod medzinárodný 
610 2 0 |a kriminalita 
610 2 0 |a krajiny rozvojové 
610 2 0 |a Latinská Amerika 
100 1 |a Zubaľová, Ľubica, 1969- 
700 1 |a Drieniková, Kristína, 1982- 
700 1 |a Smolková, Sára, 1998-